[Event "GBR-ch 91st"]
[Site "Scarborough"]
[Date "2004.08.12"]
[Round "10.11"]
[White "Hutchinson, Norman A"]
[Black "Quinn, Mark"]
[Result "0-1"]
[WhiteElo "2176"]
[BlackElo "2406"]
[PlyCount "80"]
[EventDate "2004.08.02"]
[EventType "swiss"]
[EventRounds "11"]
[EventCountry "GBR"]

1. e4 c5 2. c3 d6 3. d4 Nf6 4. Bd3 Nc6 5. Ne2 e5 6. d5 Nb8 7. O-O Be7 8. f4
exf4 9. Nxf4 Nbd7 10. Bb5 O-O 11. Bxd7 Nxd7 12. Nd2 g6 13. Nc4 b5 14. Nd2 Bf6
15. a4 b4 16. c4 Re8 17. Ra2 Bd4+ 18. Kh1 Nf6 19. Qf3 Qe7 20. Nb3 Bg4 21. Qd3
Qxe4 22. Nxd4 Qxd4 23. Qxd4 cxd4 24. h3 Bf5 25. b3 Ne4 26. Kh2 Nc5 27. Rb2 Re5
28. g4 Be4 29. Re1 Rae8 30. Rbe2 Bf3 31. Rxe5 Rxe5 32. Bd2 a5 33. Kg3 Ne4+ 34.
Rxe4 Bxe4 35. Ne2 Bxd5 36. Nxd4 Ba8 37. Nb5 Re2 38. Bf4 Rg2+ 39. Kh4 d5 40. Nc7
dxc4 0-1

[Event "GBR-ch 91st"]
[Site "Scarborough"]
[Date "2004.08.12"]
[Round "10.12"]
[White "Mannion, Stephen"]
[Black "Dearing, Eddie"]
[Result "1-0"]
[WhiteElo "2333"]
[BlackElo "2393"]
[PlyCount "71"]
[EventDate "2004.08.02"]
[EventType "swiss"]
[EventRounds "11"]
[EventCountry "GBR"]

1. d4 d5 2. Bf4 Nf6 3. e3 Bf5 4. c4 c6 5. Qb3 Qb6 6. c5 Qxb3 7. axb3 Nbd7 8. b4
Bxb1 9. Rxb1 a6 10. h3 e6 11. Ra1 Rc8 12. Bd3 Be7 13. Nf3 Bd8 14. O-O Nb8 15.
Nd2 Bc7 16. Nb3 Bxf4 17. exf4 g6 18. Na5 Rc7 19. Rae1 Kd8 20. g4 Re8 21. Re3
Nbd7 22. Rfe1 Nf8 23. Kg2 Rce7 24. Bxa6 bxa6 25. Nxc6+ Kd7 26. Nxe7 Rb8 27. Rb3
Kxe7 28. Ra1 Ne8 29. Rxa6 Nc7 30. Ra7 Kd8 31. b5 Rxb5 32. Rxb5 Nxb5 33. Ra8+
Ke7 34. c6 e5 35. f5 gxf5 36. gxf5 1-0

[Event "GBR-ch 91st"]
[Site "Scarborough"]
[Date "2004.08.12"]
[Round "10.13"]
[White "Gordon, Stephen"]
[Black "Rendle, Thomas"]
[Result "1/2-1/2"]
[WhiteElo "2338"]
[BlackElo "2258"]
[PlyCount "100"]
[EventDate "2004.08.02"]
[EventType "swiss"]
[EventRounds "11"]
[EventCountry "GBR"]

1. d4 f5 2. g3 Nf6 3. Bg2 g6 4. Nf3 Bg7 5. O-O O-O 6. c4 d6 7. Nc3 Nc6 8. d5
Ne5 9. Nxe5 dxe5 10. e4 f4 11. gxf4 exf4 12. e5 Ng4 13. e6 Ne5 14. Re1 Nxc4 15.
Re4 Nd6 16. Rxf4 c6 17. h4 Nf5 18. h5 cxd5 19. hxg6 hxg6 20. Bxd5 Qd6 21. Re4
Be5 22. Nb5 Bh2+ 23. Kg2 Qc5 24. Qg4 Ng7 25. Be3 Qxd5 26. Nc3 Qf5 27. Kxh2 Bxe6
28. Qxf5 gxf5 29. Rb4 b6 30. a4 Kf7 31. a5 Rh8+ 32. Kg2 bxa5 33. Rxa5 a6 34.
Rb6 Rh4 35. Raxa6 Rg4+ 36. Kf3 Rh8 37. Ra7 Bc4 38. Rh6 Rxh6 39. Bxh6 Ne6 40.
Be3 Nd4+ 41. Bxd4 Rxd4 42. Ra4 e5 43. b3 Bxb3 44. Rxd4 exd4 45. Nb5 d3 46. Ke3
Bc2 47. Nd4 f4+ 48. Kd2 Bb1 49. Nf3 Ke6 50. Ne1 Kf5 1/2-1/2

[Event "GBR-ch 91st"]
[Site "Scarborough"]
[Date "2004.08.12"]
[Round "10.14"]
[White "Lyell, Mark"]
[Black "Sowray, Peter J"]
[Result "1/2-1/2"]
[WhiteElo "2217"]
[BlackElo "2349"]
[PlyCount "124"]
[EventDate "2004.08.02"]
[EventType "swiss"]
[EventRounds "11"]
[EventCountry "GBR"]

1. e4 c5 2. c3 Qa5 3. Na3 d6 4. Nc4 Qc7 5. d4 Nd7 6. f4 cxd4 7. cxd4 d5 8. exd5
Ngf6 9. Ne5 g6 10. Ngf3 Bg7 11. Bd3 O-O 12. O-O Nxd5 13. Qe1 N7f6 14. f5 Bxf5
15. Bxf5 gxf5 16. Qh4 f4 17. Bxf4 Nxf4 18. Qxf4 Rad8 19. Rad1 Nd7 20. Qf5 e6
21. Qe4 Nxe5 22. Nxe5 Rd5 23. Ng4 Qd8 24. Ne5 f5 25. Qe2 Rxd4 26. Nf3 Rd6 27.
Rfe1 Qb6+ 28. Kf1 Rfd8 29. Rxd6 Rxd6 30. b3 h6 31. Qc4 Qa6 32. Qxa6 Rxa6 33. a4
Rc6 34. Rd1 Rb6 35. Rd3 e5 36. Nd2 e4 37. Rd8+ Kh7 38. Ke2 h5 39. h3 Bh6 40.
Rd7+ Kg6 41. a5 Rb5 42. Rd6+ Kh7 43. Rd7+ Bg7 44. a6 bxa6 45. Rxa7 Rb6 46. g4
hxg4 47. hxg4 fxg4 48. Nxe4 Re6 49. Kd3 Kg6 50. Ra8 Kf5 51. Ng3+ Ke5 52. Rg8
Rg6 53. Ke2 Rg5 54. Kf2 a5 55. Kg2 Kd4 56. Rd8+ Ke5 57. Rg8 Bf6 58. Rb8 Kd4 59.
b4 Rd5 60. bxa5 Rxa5 61. Rb4+ Ke5 62. Re4+ Kd5 1/2-1/2

[Event "GBR-ch 91st"]
[Site "Scarborough"]
[Date "2004.08.12"]
[Round "10.15"]
[White "Tan, Desmond"]
[Black "Ashton, Adam"]
[Result "1/2-1/2"]
[WhiteElo "2335"]
[BlackElo "2270"]
[PlyCount "34"]
[EventDate "2004.08.02"]
[EventType "swiss"]
[EventRounds "11"]
[EventCountry "GBR"]

1. e4 e5 2. Nf3 Nc6 3. Bb5 a6 4. Ba4 Nf6 5. O-O Be7 6. Re1 b5 7. Bb3 d6 8. c3
O-O 9. d3 Na5 10. Bc2 c5 11. Nbd2 Re8 12. Nf1 Bb7 13. Ng3 Bf8 14. a3 h6 15. d4
cxd4 16. cxd4 d5 17. Nxe5 dxe4 1/2-1/2

[Event "GBR-ch 91st"]
[Site "Scarborough"]
[Date "2004.08.12"]
[Round "10.16"]
[White "Adams, David M"]
[Black "Taylor, Martin R"]
[Result "1/2-1/2"]
[WhiteElo "2180"]
[BlackElo "2559"]
[PlyCount "96"]
[EventDate "2004.08.02"]
[EventType "swiss"]
[EventRounds "11"]
[EventCountry "GBR"]

1. e4 e5 2. Bc4 Nc6 3. Nf3 Bc5 4. c3 Nf6 5. d3 a6 6. Nbd2 d6 7. Bb3 Ba7 8. Nc4
O-O 9. Bg5 Be6 10. Ne3 h6 11. Bh4 Nb8 12. d4 exd4 13. cxd4 Bxb3 14. Qxb3 g5 15.
Qxb7 Nbd7 16. Bg3 Qb8 17. Qxb8 Raxb8 18. e5 dxe5 19. dxe5 Bxe3 20. fxe3 Ng4 21.
O-O-O Nc5 22. Rhe1 Rfd8 23. Nd4 Ne4 24. h3 Ngf2 25. Bxf2 Nxf2 26. Rd2 Ne4 27.
Rc2 Rd5 28. Rxc7 Rxe5 29. Rf1 Rc5+ 30. Rxc5 Nxc5 31. Rf6 Nd3+ 32. Kc2 Ne1+ 33.
Kc3 Nxg2 34. Rxh6 Nxe3 35. b3 Rc8+ 36. Kd3 Nd5 37. Ke4 Nc3+ 38. Kf5 Rc5+ 39.
Kg4 Nxa2 40. Rxa6 Nc1 41. Rd6 Rc3 42. b4 Rc4 43. Kxg5 Rxb4 44. Kh6 Rb8 45. Nf5
Ne2 46. Kg5 Nc3 47. Rd4 Re8 48. Ng3 Ne2 1/2-1/2

[Event "GBR-ch 91st"]
[Site "Scarborough"]
[Date "2004.08.12"]
[Round "10.17"]
[White "Muir, Andrew J"]
[Black "Radovanovic, Jovica"]
[Result "0-1"]
[WhiteElo "2328"]
[BlackElo "2189"]
[PlyCount "188"]
[EventDate "2004.08.02"]
[EventType "swiss"]
[EventRounds "11"]
[EventCountry "GBR"]

1. d4 Nf6 2. c4 g6 3. Nc3 Bg7 4. e4 O-O 5. Be3 d6 6. f3 Nc6 7. Nge2 a6 8. Qd2
Rb8 9. Rc1 Bd7 10. Nd1 b5 11. c5 e6 12. g3 b4 13. Bg2 Rb5 14. cxd6 cxd6 15. O-O
Qb8 16. b3 Rc8 17. Nb2 Ne8 18. Rc2 Ne7 19. Rfc1 Rxc2 20. Rxc2 Rb7 21. Bf4 Nc8
22. Nc4 Rc7 23. d5 exd5 24. Qxd5 Nb6 25. Qd3 Nxc4 26. bxc4 a5 27. Nd4 a4 28.
Bf1 b3 29. Rb2 Be6 30. axb3 Bxc4 31. Qd2 Bxb3 32. Rb1 Rb7 33. Nc6 Qc7 34. Nd4
Qc5 35. Be3 Qb4 36. Qd3 Nc7 37. Rc1 d5 38. Nc6 Qd6 39. Bf4 Qd7 40. Na5 Ne6 41.
Nxb7 Qxb7 42. exd5 Nxf4 43. gxf4 Bxd5 44. Rb1 Qa8 45. Rd1 Be6 46. Qd8+ Qxd8 47.
Rxd8+ Bf8 48. Re8 Bb3 49. Bd3 a3 50. Bb1 a2 51. Bxa2 Bxa2 52. Kf2 Be6 53. h4 h5
54. Ra8 Kg7 55. Kg3 Bb4 56. Ra1 Kf6 57. Rb1 Bd6 58. Rd1 Ke7 59. Ra1 Bd5 60. Ra4
Kd7 61. Kg2 Be6 62. Kg3 Kc6 63. Ra1 Kb5 64. Rc1 Bc5 65. Kg2 Be7 66. Kg3 Kb4 67.
Rc7 Bf6 68. Ra7 Kc4 69. f5 gxf5 70. Rc7+ Kd3 71. Rc1 Kd2 72. Rb1 Be5+ 73. f4
Bc3 74. Kf3 Bc4 75. Rb6 Be2+ 76. Kg3 Kd3 77. Rb1 Bg4 78. Kf2 Bd4+ 79. Kg3 Ke2
80. Rb7 Bf2+ 81. Kh2 Bxh4 82. Rxf7 Kf3 83. Ra7 Bg3+ 84. Kh1 Kxf4 85. Ra4+ Kg5
86. Ra3 h4 87. Kg2 Be5 88. Rb3 h3+ 89. Kg1 Kh4 90. Ra3 f4 91. Rb3 Be6 92. Rb7
Kg3 93. Rb5 Bg4 94. Rb3+ Bf3 0-1

[Event "GBR-ch 91st"]
[Site "Scarborough"]
[Date "2004.08.12"]
[Round "10.18"]
[White "Mycroft, Richard"]
[Black "Sherwin, James"]
[Result "0-1"]
[WhiteElo "2110"]
[BlackElo "2303"]
[PlyCount "82"]
[EventDate "2004.08.02"]
[EventType "swiss"]
[EventRounds "11"]
[EventCountry "GBR"]

1. e4 e6 2. d3 d5 3. Nd2 Nf6 4. Ngf3 c5 5. g3 Nc6 6. Bg2 Be7 7. O-O b6 8. e5
Nd7 9. Re1 Qc7 10. Qe2 Bb7 11. h4 h6 12. h5 O-O-O 13. c3 Kb8 14. a3 Rhe8 15. d4
c4 16. b3 Na5 17. bxc4 Ba6 18. Qd1 Nxc4 19. Qa4 Na5 20. Nb3 Qxc3 21. Nxa5 Qxa5
22. Qxa5 bxa5 23. Bd2 a4 24. Reb1+ Nb6 25. Ba5 Kb7 26. Rb2 Rc8 27. Ne1 Rc4 28.
Rab1 Bxa3 29. Rxb6+ axb6 30. Rxb6+ Ka7 31. Bf1 Rb8 32. Rxb8 Kxb8 33. Bxc4 Bxc4
34. Nc2 Bb2 35. Bb4 Bb3 36. Na3 Bxd4 37. Bd6+ Kb7 38. Kf1 Kc6 39. Nb1 Bc5 40.
Bb8 a3 41. Nd2 Bc2 0-1

[Event "GBR-ch 91st"]
[Site "Scarborough"]
[Date "2004.08.12"]
[Round "10.19"]
[White "Sisask, Jesper"]
[Black "Bigg, Andrew J"]
[Result "1/2-1/2"]
[WhiteElo "2057"]
[BlackElo "2275"]
[PlyCount "83"]
[EventDate "2004.08.02"]
[EventType "swiss"]
[EventRounds "11"]
[EventCountry "GBR"]

1. d4 e6 2. c4 b6 3. a3 Bb7 4. Nc3 Nf6 5. d5 exd5 6. cxd5 b5 7. e4 b4 8. axb4
Bxb4 9. Bd3 Qe7 10. Nf3 Nxd5 11. O-O Nxc3 12. bxc3 Bxc3 13. Rb1 Bb4 14. Nd4 Nc6
15. Nf5 Qf8 16. Bb2 Rg8 17. Qe2 a5 18. Rfc1 Kd8 19. Ne3 Qd6 20. Rd1 Qg6 21. e5
Qg5 22. Bf5 Nb8 23. Bh3 Re8 24. Qc4 Re7 25. Nf5 Ra6 26. Bc1 Qg6 27. Bf4 Bxg2
28. Bxg2 Qxf5 29. Bg3 Ree6 30. Be4 Qh5 31. Bd5 Rab6 32. Rbc1 c5 33. Bxe6 fxe6
34. Qe4 Nc6 35. Rd6 Kc7 36. Rcd1 Nd8 37. R1d3 Rxd6 38. exd6+ Kb6 39. Qa8 Nc6
40. Qc8 Qf7 41. Qc7+ Ka6 42. Qc8+ 1/2-1/2

[Event "GBR-ch 91st"]
[Site "Scarborough"]
[Date "2004.08.12"]
[Round "10.20"]
[White "Snape, Ian"]
[Black "Storey, Charles"]
[Result "1/2-1/2"]
[WhiteElo "2228"]
[BlackElo "2217"]
[PlyCount "93"]
[EventDate "2004.08.02"]
[EventType "swiss"]
[EventRounds "11"]
[EventCountry "GBR"]

1. c4 g6 2. g3 Bg7 3. Bg2 e5 4. Nc3 d6 5. d3 f5 6. e3 Nd7 7. Nge2 Ngf6 8. Rb1
Nf8 9. b4 g5 10. f4 gxf4 11. exf4 Ng6 12. Nd5 Nxd5 13. cxd5 exf4 14. Nxf4 Bc3+
15. Bd2 Qe7+ 16. Kf1 Be5 17. Qh5 Qf7 18. Ne6 Bxe6 19. dxe6 Qxe6 20. Bxb7 Rd8
21. Bc6+ Kf7 22. Kg2 Qxa2 23. Qxf5+ Kg7 24. Qf2 Qa3 25. Rhf1 Rhf8 26. Qe3 d5
27. Rxf8 Kxf8 28. Bxd5 Rxd5 29. Qf3+ Bf4 30. Qxd5 Bxd2 31. Rf1+ Ke8 32. Qg8+
Kd7 33. Qxh7+ Ne7 34. Qh3+ Ke8 35. Qh8+ Kd7 36. Qd4+ Ke8 37. Ra1 Qb3 38. Rxa7
Nd5 39. Qe4+ Kd7 40. Qf5+ Ke7 41. Qh7+ Kd6 42. Qg6+ Ke7 43. Qg7+ Kd6 44. Qg6+
Ke7 45. Qh7+ Kd6 46. Qg6+ Ke7 47. Qg7+ 1/2-1/2

[Event "GBR-ch 91st"]
[Site "Scarborough"]
[Date "2004.08.12"]
[Round "10.21"]
[White "Lee, Graham D"]
[Black "Hutchinson, Paul A"]
[Result "1-0"]
[WhiteElo "2316"]
[BlackElo "2216"]
[PlyCount "75"]
[EventDate "2004.08.02"]
[EventType "swiss"]
[EventRounds "11"]
[EventCountry "GBR"]

1. e4 e5 2. Nf3 Nf6 3. d4 Nxe4 4. Bd3 d5 5. Nxe5 Nd7 6. Nxd7 Bxd7 7. O-O Qh4 8.
c4 O-O-O 9. cxd5 Bd6 10. f4 Nf6 11. Nc3 g5 12. Qf3 g4 13. Qg3 Qh6 14. f5 Qg7
15. Qh4 h6 16. Bf4 Bxf4 17. Rxf4 Rhe8 18. Re1 g3 19. Re5 gxh2+ 20. Qxh2 h5 21.
Be2 Rh8 22. Rh4 Rdg8 23. d6 cxd6 24. Ra5 a6 25. Bf3 Qg3 26. Qxg3 Rxg3 27. Ne4
Nxe4 28. Rxe4 Re8 29. Rxe8+ Bxe8 30. Bxh5 Bc6 31. d5 b6 32. dxc6 bxa5 33. Bxf7
Kc7 34. Be8 Re3 35. Bd7 Re7 36. Kf2 d5 37. g4 d4 38. f6 1-0

[Event "GBR-ch 91st"]
[Site "Scarborough"]
[Date "2004.08.12"]
[Round "10.22"]
[White "Clarke, Thomas"]
[Black "Ledger, David J"]
[Result "0-1"]
[WhiteElo "2132"]
[BlackElo "2285"]
[PlyCount "116"]
[EventDate "2004.08.02"]
[EventType "swiss"]
[EventRounds "11"]
[EventCountry "GBR"]

1. d4 d5 2. Bg5 h6 3. Bh4 c6 4. Nf3 Qb6 5. b3 Bf5 6. e3 e6 7. Bd3 Bxd3 8. Qxd3
Ne7 9. O-O Nf5 10. Nbd2 Nxh4 11. Nxh4 Be7 12. Ndf3 O-O 13. Kh1 Nd7 14. g4 Rac8
15. Rg1 Qd8 16. Ng2 c5 17. c3 Nf6 18. Nf4 Ne4 19. Rg2 cxd4 20. cxd4 Rc3 21. Qb5
Qc7 22. h4 a6 23. Qf1 Rc8 24. Nd3 Rc2 25. g5 hxg5 26. hxg5 g6 27. Nfe5 Kg7 28.
f4 Rh8+ 29. Kg1 Bd6 30. Qd1 Rc3 31. Ng4 Rh3 32. Ndf2 Nxf2 33. Kxf2 Bxf4 34.
exf4 Qxf4+ 35. Kg1 Rcd3 36. Qe1 Qxd4+ 37. Nf2 Rhe3 38. Qf1 Rd2 39. Re1 Rxa2 40.
Rxe3 Qxe3 41. Qd3 Qxd3 42. Nxd3 Rxg2+ 43. Kxg2 a5 44. Kf3 b5 45. Ke3 a4 46. Kd4
axb3 47. Kc3 f6 48. Nc5 fxg5 49. Nxe6+ Kf6 50. Nc7 Ke5 51. Nxb5 g4 52. Kxb3 g3
53. Nc3 g2 54. Ne2 Ke4 55. Kc2 Ke3 56. Ng1 Kf2 57. Nh3+ Kf1 58. Kd3 g5 0-1

[Event "GBR-ch 91st"]
[Site "Scarborough"]
[Date "2004.08.12"]
[Round "10.23"]
[White "Briscoe, Christopher"]
[Black "Gregory, Stephen J"]
[Result "0-1"]
[WhiteElo "2157"]
[BlackElo "2180"]
[PlyCount "82"]
[EventDate "2004.08.02"]
[EventType "swiss"]
[EventRounds "11"]
[EventCountry "GBR"]

1. e4 d5 2. exd5 Qxd5 3. Nf3 Nf6 4. d4 Bg4 5. Be2 e6 6. O-O Qd8 7. c4 Be7 8. h3
Bh5 9. Qb3 b6 10. Nc3 O-O 11. d5 exd5 12. cxd5 Bd6 13. Bg5 Nbd7 14. Rfe1 Nc5
15. Qc4 h6 16. Be3 Bg6 17. Nd4 Re8 18. Nc6 Qd7 19. Qd4 Kh7 20. Bb5 Qf5 21. Qh4
Qh5 22. Qxh5 Nxh5 23. Nxa7 Rxe3 24. fxe3 Rxa7 25. Bc6 Nd3 26. Re2 Ng3 27. Rd2
Bc5 28. Kh2 Bd6 29. Kg1 Ra5 30. e4 Ne5 31. a3 Nxe4 32. Nxe4 Bxe4 33. Kh1 Rc5
34. b4 Rc3 35. Rb2 Rxh3+ 36. Kg1 Re3 37. a4 Ng4 38. a5 bxa5 39. bxa5 Bc5 40.
Kf1 Bd3+ 41. Kg1 Re1# 0-1

[Event "GBR-ch 91st"]
[Site "Scarborough"]
[Date "2004.08.12"]
[Round "10.24"]
[White "Rudd, Jack"]
[Black "Martyn, Rafe"]
[Result "1-0"]
[WhiteElo "2281"]
[BlackElo "2322"]
[PlyCount "101"]
[EventDate "2004.08.02"]
[EventType "swiss"]
[EventRounds "11"]
[EventCountry "GBR"]

1. e4 c6 2. d3 d5 3. Nd2 e5 4. Ngf3 Bd6 5. g3 Nf6 6. Bg2 O-O 7. O-O Nbd7 8. b3
a5 9. Bb2 Re8 10. exd5 cxd5 11. c4 d4 12. Ng5 Nc5 13. Nde4 Nfxe4 14. Nxe4 Nxe4
15. Bxe4 f5 16. Bd5+ Kh8 17. a3 Rb8 18. Bc1 Be6 19. Qf3 Bxd5 20. Qxd5 Qc7 21.
Bd2 Ra8 22. b4 axb4 23. axb4 Qc6 24. Rxa8 Rxa8 25. Qe6 Rf8 26. Ra1 Qc7 27. c5
Be7 28. Re1 Bf6 29. Qxf5 Ra8 30. Qe6 Qc6 31. Qxc6 bxc6 32. f4 exf4 33. Bxf4 Kg8
34. Re6 Rc8 35. g4 Kf7 36. Rd6 g6 37. Rd7+ Ke6 38. Rxh7 Be7 39. Rg7 Kf6 40.
Be5+ Kxe5 41. Rxe7+ Kf4 42. Kg2 Kxg4 43. Re4+ Kf5 44. Rxd4 Ra8 45. Kf3 Ra2 46.
h4 Rh2 47. Rf4+ Ke5 48. d4+ Kd5 49. Rg4 Kc4 50. Kf4 Kxd4 51. Kg3+ 1-0

[Event "GBR-ch 91st"]
[Site "Scarborough"]
[Date "2004.08.12"]
[Round "10.25"]
[White "Nixon, Thomas"]
[Black "Westwood, Richard"]
[Result "1-0"]
[WhiteElo "2198"]
[BlackElo "2030"]
[PlyCount "83"]
[EventDate "2004.08.02"]
[EventType "swiss"]
[EventRounds "11"]
[EventCountry "GBR"]

1. d4 Nf6 2. c4 g6 3. g3 Bg7 4. Bg2 c6 5. e4 d6 6. Ne2 Qc7 7. O-O O-O 8. b3 e5
9. Bb2 Re8 10. Nbc3 Nbd7 11. d5 c5 12. Qc2 a6 13. a4 Nf8 14. a5 Bd7 15. Bc1 Nh5
16. Bd2 Qc8 17. Na4 Bxa4 18. Rxa4 Nd7 19. Bh3 Qc7 20. Rb1 Reb8 21. Ra2 Rf8 22.
Nc3 Kh8 23. Na4 Ndf6 24. b4 cxb4 25. Rxb4 Ng8 26. Rab2 Rab8 27. Be3 Bh6 28. Ba7
Ra8 29. Bb6 Qe7 30. c5 f5 31. exf5 gxf5 32. Bxf5 Qg5 33. Be6 Ngf6 34. cxd6 Ng7
35. Be3 Qh5 36. Rh4 Qf3 37. Bxh6 Nxe6 38. dxe6 Rac8 39. Qb3 e4 40. Qxf3 exf3
41. d7 Rc7 42. e7 1-0

[Event "GBR-ch 91st"]
[Site "Scarborough"]
[Date "2004.08.12"]
[Round "10.26"]
[White "Rayner, Francis"]
[Black "Burrows, Martin"]
[Result "0-1"]
[WhiteElo "2252"]
[BlackElo "2226"]
[PlyCount "78"]
[EventDate "2004.08.02"]
[EventType "swiss"]
[EventRounds "11"]
[EventCountry "GBR"]

1. c4 Nf6 2. Nf3 g6 3. b4 Bg7 4. Bb2 O-O 5. g3 c6 6. Bg2 d5 7. Na3 Qb6 8. Qb3
Na6 9. Bc3 Ne4 10. c5 Naxc5 11. bxc5 Qxb3 12. axb3 Nxc3 13. d4 Bd7 14. e3 Ne4
15. O-O b5 16. Nc2 a5 17. Ne5 Nxc5 18. Nxd7 Nxd7 19. f4 e6 20. Ra2 Nb6 21. Rc1
Rfc8 22. Ne1 a4 23. bxa4 Rxa4 24. Rxa4 Nxa4 25. Bf1 Nb6 26. Nd3 Nc4 27. Kf2 Bf8
28. Ra1 c5 29. dxc5 Bxc5 30. Nxc5 Rxc5 31. Ra8+ Kg7 32. Rb8 Nd6 33. Bd3 Rc3 34.
Ke2 Rb3 35. Kd2 Nc4+ 36. Ke2 Rb2+ 37. Kf3 Rxh2 38. g4 Rb2 39. f5 Ne5+ 0-1

[Event "GBR-ch 91st"]
[Site "Scarborough"]
[Date "2004.08.12"]
[Round "10.27"]
[White "Walton, Alan J"]
[Black "Spence, David J"]
[Result "0-1"]
[WhiteElo "2208"]
[BlackElo "2236"]
[PlyCount "54"]
[EventDate "2004.08.02"]
[EventType "swiss"]
[EventRounds "11"]
[EventCountry "GBR"]

1. d4 e6 2. c4 Nf6 3. Nc3 Bb4 4. Qb3 c5 5. a3 Bxc3+ 6. bxc3 Nc6 7. e3 d6 8. Bd3
e5 9. d5 Na5 10. Qc2 O-O 11. e4 Nh5 12. Ne2 b5 13. Ng3 Nxg3 14. hxg3 bxc4 15.
Qe2 cxd3 16. Qh5 f6 17. Qxh7+ Kf7 18. Rb1 Bg4 19. Rh6 Rh8 20. Qg6+ Kg8 21.
Rxh8+ Kxh8 22. Qxg4 Rb8 23. Rxb8 Qxb8 24. Qd1 c4 25. Qa4 Kh7 26. Be3 Qb3 27.
Qb4 Qc2 0-1

[Event "GBR-ch 91st"]
[Site "Scarborough"]
[Date "2004.08.12"]
[Round "10.28"]
[White "Pym, Thomas"]
[Black "Kafka, Graeme"]
[Result "1/2-1/2"]
[WhiteElo "2059"]
[BlackElo "2143"]
[PlyCount "56"]
[EventDate "2004.08.02"]
[EventType "swiss"]
[EventRounds "11"]
[EventCountry "GBR"]

1. e4 c5 2. Nf3 d6 3. d4 cxd4 4. Nxd4 Nf6 5. Nc3 g6 6. Be3 Bg7 7. f3 Nc6 8. Qd2
O-O 9. Bc4 Bd7 10. O-O-O Rc8 11. Bb3 Ne5 12. h4 h5 13. Bh6 Bxh6 14. Qxh6 Rxc3
15. bxc3 Qc8 16. g4 Qxc3 17. Kb1 b5 18. gxh5 Nc4 19. Qc1 Nxh5 20. Rd3 Qb4 21.
Rg1 e5 22. Ne2 Rb8 23. c3 Qc5 24. Rd5 Qf2 25. Rxd6 Be8 26. Rd2 Nf4 27. Re1
Nxd2+ 28. Qxd2 b4 1/2-1/2

[Event "GBR-ch 91st"]
[Site "Scarborough"]
[Date "2004.08.12"]
[Round "10.29"]
[White "Almond, Philip"]
[Black "Hempson, Peter"]
[Result "1/2-1/2"]
[WhiteElo "2131"]
[BlackElo "2172"]
[PlyCount "121"]
[EventDate "2004.08.02"]
[EventType "swiss"]
[EventRounds "11"]
[EventCountry "GBR"]

1. c4 c5 2. g3 Nc6 3. Bg2 g6 4. Nc3 Bg7 5. a3 Nf6 6. Rb1 O-O 7. b4 cxb4 8. axb4
d6 9. d3 Ng4 10. Bd2 Qb6 11. Nh3 e6 12. O-O f5 13. b5 Nd8 14. Na4 Qc7 15. Qb3
Qe7 16. Bb4 Bd4 17. Qa3 Nf7 18. e3 Bf6 19. Nb6 Rb8 20. Qxa7 Bd7 21. Qa3 Rfd8
22. Bc3 Be8 23. Bxf6 Nxf6 24. Qb4 Qc7 25. Na4 b6 26. Nf4 Bd7 27. h4 Kg7 28. Nc3
h6 29. Qb2 Ne5 30. Rfd1 g5 31. hxg5 hxg5 32. Nh3 Kg6 33. Kf1 Bc8 34. e4 Bb7 35.
exf5+ exf5 36. Nd5 Bxd5 37. cxd5 Rbc8 38. Qd2 Nf7 39. Rbc1 Qa7 40. Rc6 Qa5 41.
Qb2 Ra8 42. d4 Re8 43. Bf3 Rh8 44. Ng1 Rhb8 45. Re1 Qa2 46. Qxa2 Rxa2 47. Re6
Rb2 48. Be2 g4 49. f3 Kg7 50. fxg4 fxg4 51. Bd3 Nxd5 52. Rg6+ Kf8 53. Ne2 Nb4
54. Nf4 Nxc6 55. bxc6 Ra8 56. Be2 Ra7 57. d5 Ne5 58. Rxd6 Ra1+ 59. Kf2 Rc1 60.
Re6 Nxc6 61. dxc6 1/2-1/2

[Event "GBR-ch 91st"]
[Site "Scarborough"]
[Date "2004.08.12"]
[Round "10.30"]
[White "Smith, Graham"]
[Black "Surtees, Michael"]
[Result "0-1"]
[WhiteElo "2157"]
[BlackElo "2239"]
[PlyCount "91"]
[EventDate "2004.08.02"]
[EventType "swiss"]
[EventRounds "11"]
[EventCountry "GBR"]

1. e4 c6 2. Nf3 d5 3. Nc3 f6 4. d4 g6 5. Be3 Nh6 6. h3 Nf7 7. Bd3 a6 8. O-O Bg7
9. Re1 O-O 10. exd5 cxd5 11. Bf1 Nc6 12. Qd2 b5 13. a4 b4 14. Na2 Rb8 15. Nc1
Nd6 16. Bf4 Ne4 17. Qd1 e5 18. Bh2 Bb7 19. Nb3 Rc8 20. Nfd2 Nd6 21. c3 bxc3 22.
bxc3 Ra8 23. Nc5 Bc8 24. Qb3 Nf7 25. Nf3 e4 26. Nd2 Bh6 27. Ndxe4 dxe4 28. Nxe4
Kg7 29. Bc4 Na5 30. Qb4 Nxc4 31. Qxc4 Re8 32. Nc5 Ra7 33. Red1 Nd6 34. Qd5 Nb7
35. Qc6 Nxc5 36. dxc5 Rd7 37. Rd6 Rxd6 38. cxd6 Qd7 39. Qd5 Bb7 40. Qd4 Qc6 41.
Qg4 f5 42. Qg3 Bf4 43. Qf3 Bxh2+ 44. Kxh2 Qxd6+ 45. Qg3 Qxg3+ 46. Kxg3 0-1

[Event "GBR-ch 91st"]
[Site "Scarborough"]
[Date "2004.08.12"]
[Round "10.31"]
[White "Ledger, Stephen C"]
[Black "Bryant, Richard"]
[Result "1/2-1/2"]
[WhiteElo "2203"]
[BlackElo "1872"]
[PlyCount "144"]
[EventDate "2004.08.02"]
[EventType "swiss"]
[EventRounds "11"]
[EventCountry "GBR"]

1. d4 d5 2. Nf3 Nf6 3. Bf4 c5 4. c3 e6 5. e3 Nc6 6. Nbd2 Bd6 7. Bg3 O-O 8. Bd3
Qe7 9. Ne5 Nd7 10. f4 f5 11. O-O Nf6 12. Bh4 Bd7 13. Qf3 c4 14. Bc2 b5 15. a4
b4 16. Ndxc4 dxc4 17. Nxc6 Qe8 18. Ne5 Bxe5 19. fxe5 Nd5 20. e4 fxe4 21. Qxe4
Qh5 22. cxb4 Nxb4 23. Be7 Rxf1+ 24. Rxf1 Nd5 25. g4 Qh3 26. Rf3 Qh6 27. Bg5 Qg6
28. Qxg6 hxg6 29. Bxg6 Be8 30. Bc2 Rb8 31. Bc1 Rb4 32. Ra3 Ne7 33. Kf2 Nd5 34.
a5 a6 35. Be4 Bc6 36. Bxd5 Bxd5 37. Ra2 Rb3 38. Ra4 g6 39. h4 Kg7 40. h5 gxh5
41. gxh5 Kh7 42. h6 Kg6 43. Ra3 Rxa3 44. bxa3 Be4 45. Be3 Kf7 46. Ke2 c3 47.
Bf4 c2 48. Kd2 Ke7 49. Kc3 Kd7 50. d5 exd5 51. Kd4 Ke6 52. Bc1 Bg6 53. Bb2 Bh7
54. Kc5 Bd3 55. a4 c1=Q+ 56. Bxc1 Kxe5 57. Kb6 Kd6 58. Bf4+ Kd7 59. Kb7 Kd8 60.
Bc7+ Kd7 61. Bb6 d4 62. Bxd4 Kd8 63. Be5 Kd7 64. Bf4 Kd8 65. Bc7+ Kd7 66. Bb6
Kd6 67. h7 Bxh7 68. Kxa6 Kc6 69. Ka7 Bc2 70. Kb8 Bxa4 71. a6 Kd7 72. a7 Bc6
1/2-1/2

[Event "GBR-ch 91st"]
[Site "Scarborough"]
[Date "2004.08.13"]
[Round "11.2"]
[White "Motwani, Paul"]
[Black "Wells, Peter"]
[Result "1/2-1/2"]
[WhiteElo "2552"]
[BlackElo "2494"]
[PlyCount "48"]
[EventDate "2004.08.02"]
[EventType "swiss"]
[EventRounds "11"]
[EventCountry "GBR"]

1. Nf3 c5 2. g3 Nc6 3. d4 cxd4 4. Nxd4 g6 5. Bg2 Bg7 6. e3 d5 7. O-O e6 8. c4
Nxd4 9. exd4 dxc4 10. Na3 Ne7 11. Nxc4 O-O 12. Bg5 h6 13. Bf4 Nf5 14. Be5 Nxd4
15. Rc1 a5 16. Rc3 Ra6 17. Bxg7 Kxg7 18. Rd3 e5 19. Nxe5 Rd6 20. Kh1 Be6 21.
Nf3 Nf5 22. Rxd6 Qxd6 23. Qa1 Kg8 24. Rd1 Qb6 1/2-1/2

[Event "GBR-ch 91st"]
[Site "Scarborough"]
[Date "2004.08.13"]
[Round "11.3"]
[White "Williams, Simon K"]
[Black "Hebden, Mark"]
[Result "1/2-1/2"]
[WhiteElo "2427"]
[BlackElo "2559"]
[PlyCount "121"]
[EventDate "2004.08.02"]
[EventType "swiss"]
[EventRounds "11"]
[EventCountry "GBR"]

1. d4 Nf6 2. c4 g6 3. Nc3 Bg7 4. e4 d6 5. Nf3 O-O 6. Be2 e5 7. Be3 Ng4 8. Bg5
f6 9. Bc1 exd4 10. Nxd4 f5 11. h3 Nh6 12. Bxh6 Bxh6 13. exf5 gxf5 14. O-O c6
15. Qc2 Qf6 16. Rad1 Nd7 17. b4 Ne5 18. f4 Ng6 19. g3 Bd7 20. Bf3 Rae8 21. Qd3
Rf7 22. Nde2 Re6 23. Nd4 Re8 24. Nde2 Qg7 25. Kh2 Rf6 26. Bg2 Rfe6 27. Rf3 Qe7
28. Nd4 Re3 29. Rxe3 Qxe3 30. Nc2 Qxd3 31. Rxd3 Bg7 32. Ne3 Nh8 33. Kg1 Nf7 34.
Kf2 a5 35. b5 Bf6 36. bxc6 bxc6 37. Na4 Rb8 38. Rb3 Rxb3 39. axb3 Bd4 40. Ke2
Nd8 41. Kd3 Ba7 42. c5 d5 43. Nb6 Be8 44. Kc3 Ne6 45. Nbxd5 cxd5 46. Bxd5 Kf7
47. Nxf5 Bxc5 48. Kc4 Bd7 49. Nh4 Bf2 50. f5 Kf6 51. fxe6 Be8 52. Nf3 Bxg3 53.
Nd2 Ke7 54. Ne4 Be1 55. Ng5 Bg6 56. Nf3 Bb4 57. Nd4 Kd6 58. Bf3 Be1 59. Be2 Be4
60. Bf3 Bg6 61. Be2 1/2-1/2